Derecho Público Económico

Պահպանված է:
Մատենագիտական մանրամասներ
Հիմնական հեղինակ: Cordero Vega, Luis Alberto (Հեղինակ)
Ձևաչափ: Գիրք
Լեզու:իսպաներեն
Հրապարակվել է: Santiago Thomson Reuters Puntolex 2011
Շարք:Tratado de Jurisprudencia y Doctrina
Խորագրեր:
Ցուցիչներ: Ավելացրեք ցուցիչ
Չկան պիտակներ, Եղեք առաջինը, ով նշում է այս գրառումը!

MARC

LEADER 00000cam a2200000 a 4500
001 UCG8169
003 CL-VaPUC
008 111124e20110000CL |||||||||||||||||spa|d
020 |a 9789563370805o.c 
020 |a 9789563370942t.1 
020 |a 9789563370959t.2 
082 0 4 |a 342.04  |b COR  |2 21 
100 0 |a Cordero Vega, Luis Alberto  |e author  |9 559072 
245 1 0 |a Derecho Público Económico 
300 |a t 
942 |c BK 
945 |d 20111124 00:00:00  |a dcastane 
260 |a Santiago  |b Thomson Reuters Puntolex  |c 2011 
500 |a Revista Fallos del Mes 
650 7 |a DERECHO PUBLICO ECONOMICO  |2 CL-VaPUC  |9 522529 
650 0 |a Estado de derecho  |9 257795 
650 7 |a PLANIFICACION ECONOMICA  |2 CL-VaPUC  |9 321496 
650 0 |a Políticas públicas  |9 309677 
650 0 |a Empresas públicas  |9 338439 
583 |a last modification  |c 20111214 12:07:43  |k Rodrigo Vera 
490 0 |a Tratado de Jurisprudencia y Doctrina 
999 |c 345798  |d 345796 
952 |0 0  |1 0  |4 0  |6 342_040000000000000_COR_2011  |7 0  |8 A  |9 446073  |a BIBDER  |b BIBDER  |d 2019-11-22  |h t.1  |i 4804597  |l 2  |m 4  |o 342.04 COR 2011  |p 4804597  |r 2023-04-28  |s 2023-01-03  |w 2019-11-22  |y BK  |k DER 
952 |0 0  |1 0  |4 0  |6 342_040000000000000_COR_2011  |7 0  |8 A  |9 446074  |a BIBDER  |b BIBDER  |d 2019-11-22  |h t.2  |i 4804600  |l 2  |m 4  |o 342.04 COR 2011  |p 4804600  |r 2023-04-28  |s 2023-01-03  |w 2019-11-22  |y BK  |k DER